| 000 | 00952cam a2200145ua 4500 | ||
|---|---|---|---|
| 041 |
_aeng _h |
||
| 082 |
_a621.924 _bIND/PI |
||
| 110 | 1 |
_aIndian standards institution . _bISI _c() |
|
| 245 |
_aPictorial surface preparation standards for painting of steel surfaces IS:9954-1981 / _cIndian standards institution. _hTextual Documents |
||
| 260 |
_aNew Delhi : _bIndian standards institution , _c1982. |
||
| 300 | _a6 ; . | ||
| 504 | _a | ||
| 942 | _cBK | ||
| 999 |
_c10336 _d10336 |
||